000 00338 a2200157 4500
001 58160
020 _a8522002657
040 _cAnchieta - Pituba
100 _aSuassuna, Adriano
240 1 0 _aAuto da compadecida
_lpor
245 1 0 _aAuto da compadecida
300 _a203
362 0 _a2004
650 4 _aDrama brasileiro
942 _cBK
999 _c58160
_d58160